Представление документа в формате RUSMARC

ПолеНазваниеЗначение
  Тип записи a
  Библиографический уровень c
001 Контрольный номер RU/SLIB/B/208788729
005 Дата корректировки 20231201145959.1
010 Индекс ISBN __
d Цена 0-36
101 Язык документа 0_
a Язык текста rus
c Язык оригинала rus
200 Заглавие и сведения об ответственности 1_
a Заглавие Напряжение
e Сведения, относящиеся к заглавию повести и рассказы
f Первые сведения об ответственности Глухов А. Г.
b Общее обозначение материала Текст
210 Выходные данные 1_
a Место издания М.
c Издательство Воениздат
d Дата издания 1976
215 Физическое описание __
a Объем 152 с.
327 Примечание о содержании 0_
a Примечание о содержании Чижик
330 Аннотация __
a Аннотация Рассказы и повести посвящены событиям Великой Отечественной войны.
606 Тематические рубрики __
a Основная рубрика Художественная литература
z Хронологическая подрубрика 20 в.
y Географическая подрубрика Россия
606 Тематические рубрики __
a Основная рубрика Русская литература XX в. (произведения)
610 Ключевые слова 0_
a Ключевые слова повести; рассказы; Великая Отечественная война; войны; патриотизм; герои; солдаты; тема войны
686 Индексы других классификаций __
a Классификационный индекс 84(2Рос=Рус)6-4
700 Автор _1
a Фамилия Глухов
b Имя А. Г.
4 Код отношения 070
801 Источник записи _0
a Страна RU
b Организация Муниципальное бюджетное учреждение культуры "Централизованная библиотечная система" г. Сургут (Центральная городская библиотека им. А. С. Пушкина)
g Правила каталогизации ЦДБ/Симакова
801 Источник записи _1
a Страна RU
b Организация Муниципальное бюджетное учреждение культуры "Централизованная библиотечная система" г. Сургут (Центральная городская библиотека им. А. С. Пушкина)
g Правила каталогизации ЦДБ/Симакова
852 Данные о местонахождении __
j Шифр хранения 84(2Рос=Рус)6-4
c Каталожный индекс 84(2Рос=Рус)6-4
i Авторский знак Г 55
p Инвентарный номер 22147
901 Тип документа __
t Тип документа x
903 Характеристики (МАРС) __
a Дата передачи 20060426
969 Тип издания __
a Тип издания сборник
990 Данные о заказе (DOS) __
j Количество экземпляров (DOS) 1
t N записи в КСУ для И/У (DOS) 199101